| 000 | 00391nam a2200169Ia 4500 | ||
|---|---|---|---|
| 008 | 230711s9999||||xx |||||||||||||| ||und|| | ||
| 020 | _a978-81-317-0557-5 | ||
| 041 | _aENG | ||
| 082 |
_a5.133 _bEC-J |
||
| 100 | _aEckel,Bruce | ||
| 245 | 0 | _aThinking in java | |
| 250 | _a4th Ed. | ||
| 260 |
_c2012 _aNew Delhi _bPearson |
||
| 300 | _a1482 | ||
| 650 | _aComputer Engineering | ||
| 942 | _cBK | ||
| 999 |
_c5529 _d5529 |
||